[Event "FIDE World Uni Blitz-C 1st"]
[Site "Tornelo INT"]
[Date "2021.03.13"]
[Round "9.31"]
[White "Herrera, Diego"]
[Black "Tazzioli, Luca"]
[Result "0-1"]
[WhiteElo "1832"]
[BlackElo "2102"]
[PlyCount "78"]
[EventDate "2021.03.13"]
[EventType "swiss (blitz)"]
[EventRounds "10"]
[EventCountry "NET"]
[SourceTitle "EXT 2022"]
[Source "ChessBase"]
[SourceDate "2021.10.06"]
[SourceVersion "1"]
[SourceVersionDate "2021.10.06"]
[SourceQuality "1"]

1. e4 d5 2. exd5 Qxd5 3. Nc3 Qa5 4. Bc4 Nf6 5. d3 c6 6. Bd2 Qb6 7. Bb3 Bg4 8. f3 Bf5 9. Qe2 e6 10. g4 Bg6 11. Nh3 Nbd7 12. Ng5 0-0-0 13. Nxf7 Bxf7 14. 0-0-0 Nc5 15. Bc4 Nd5 16. d4 Nd7 17. Bg5 Be7 18. Bxe7 Nxe7 19. Bxe6 Bxe6 20. Qxe6 Rhe8 21. Qf7 Nf6 22. Qxg7 Nfd5 23. Nxd5 Nxd5 24. Qxh7 Qa5 25. a3 Re2 26. Qf5+ Kb8 27. Qd3 Rde8 28. Qb3 Ne3 29. Qf7 Nxd1 30. Rxd1 Re1 31. Qf4+ Ka8 32. Qg3 a6 33. c3 Rxd1+ 34. Kxd1 Qa4+ 35. Kd2 Qb3 36. g5 Qxb2+ 37. Kd3 Qb1+ 38. Kc4 Qf1+ 39. Kb4 Qb5# 0-1

[Event "Lignano Sabbiadoro op 5th"]
[Site "Lignano Sabbiadoro"]
[Date "2019.08.01"]
[Round "7"]
[White "Tazzioli, Luca"]
[Black "Cocconcelli, Lorenzo"]
[Result "1-0"]
[WhiteElo "2074"]
[BlackElo "2068"]
[PlyCount "61"]
[EventDate "2019.07.27"]
[EventType "swiss"]
[EventRounds "9"]
[EventCountry "ITA"]
[SourceTitle "CBM 191 Extra"]
[Source "ChessBase"]
[SourceDate "2019.09.30"]
[SourceVersion "1"]
[SourceVersionDate "2019.09.30"]
[SourceQuality "1"]

1. e4 e6 2. d3 d5 3. Nd2 c5 4. Ngf3 Nc6 5. g3 g6 6. Bg2 Bg7 7. 0-0 Nge7 8. Re1 0-0 9. e5 Qc7 10. Qe2 g5 11. h3 Ng6 12. Nf1 h6 13. Bxg5 hxg5 14. Nxg5 Ncxe5 15. Qh5 Rd8 16. f4 Nc6 17. Qh7+ Kf8 18. h4 Nxf4 19. gxf4 Qxf4 20. Nh2 Nd4 21. c3 Nf5 22. Rf1 Qe3+ 23. Rf2 Rd7 24. Ng4 Qg3 25. Qh5 Re7 26. Raf1 Bd7 27. Rf3 Qd6 28. Ne3 Ke8 29. Qh7 Bf8 30. Qh8 Nh6 31. Nh7 1-0

[Event "Lignano Sabbiadoro op 5th"]
[Site "Lignano Sabbiadoro"]
[Date "2019.07.27"]
[Round "1"]
[White "Tazzioli, Luca"]
[Black "Todorovic, Goran N"]
[Result "0-1"]
[WhiteElo "2074"]
[BlackElo "2300"]
[PlyCount "42"]
[EventDate "2019.07.27"]
[EventType "swiss"]
[EventRounds "9"]
[EventCountry "ITA"]
[SourceTitle "CBM 191 Extra"]
[Source "ChessBase"]
[SourceDate "2019.09.30"]
[SourceVersion "1"]
[SourceVersionDate "2019.09.30"]
[SourceQuality "1"]

1. e4 g6 2. d4 Bg7 3. Nc3 d6 4. f4 Nf6 5. Nf3 c5 6. dxc5 Qa5 7. Bb5+ Bd7 8. Qd3 Nxe4 9. Bxd7+ Nxd7 10. Qxe4 Bxc3+ 11. bxc3 Qxc3+ 12. Kf2 Qxa1 13. Qxb7 Rb8 14. Qxa7 Qc3 15. Be3 Qxc2+ 16. Kg3 dxc5 17. Rc1 Qe4 18. Bxc5 Ra8 19. Qc7 Nxc5 20. Re1 Ne6 21. Qc3 Qxf4+ 0-1

[Event "Cesenatico op-A 20th"]
[Site "Cesenatico"]
[Date "2016.09.10"]
[Round "8"]
[White "Tazzioli, Luca"]
[Black "Paleologu, Vladimir"]
[Result "1-0"]
[WhiteElo "2035"]
[BlackElo "2109"]
[PlyCount "83"]
[EventDate "2016.09.03"]
[EventType "swiss"]
[EventRounds "9"]
[EventCountry "ITA"]
[SourceTitle "EXT 2024"]
[Source "ChessBase"]
[SourceDate "2023.10.10"]
[SourceVersion "1"]
[SourceVersionDate "2023.10.10"]
[SourceQuality "1"]

1. e4 b6 2. d4 Bb7 3. Nc3 e6 4. a3 d6 5. f4 g6 6. Nf3 Bg7 7. Bd3 Ne7 8. 0-0 c5 9. dxc5 dxc5 10. e5 0-0 11. Qe1 c4 12. Be4 Nbc6 13. Nb5 Nc8 14. Be3 Qe7 15. Bf2 f5 16. Bxc6 Bxc6 17. Nbd4 Bd5 18. Qe2 h6 19. Be1 Qd7 20. Rd1 Ne7 21. Bb4 Rf7 22. Nxe6 Qxe6 23. Nd4 Qc8 24. Nb5 Qc6 25. e6 Bxe6 26. Nd6 Rf6 27. Bc3 Nd5 28. Bxf6 Qxd6 29. Bxg7 Kxg7 30. Rfe1 Qc5+ 31. Kh1 Nxf4 32. Qf3 g5 33. Qxa8 Bd5 34. Rxd5 Nxd5 35. Qxa7+ Kf6 36. Qh7 Qf8 37. Qd7 Nf4 38. Qc6+ Kg7 39. Rd1 Kh8 40. Qc7 Ne6 41. Qe5+ Ng7 42. Qd6 1-0

[Event "ITA-ch U16"]
[Site "Courmayeur"]
[Date "2013.07.04"]
[Round "7"]
[White "Tazzioli, Luca"]
[Black "Difronzo, Andrea"]
[Result "0-1"]
[WhiteElo "1939"]
[BlackElo "1943"]
[PlyCount "88"]
[EventDate "2013.06.30"]
[EventType "swiss"]
[EventRounds "9"]
[EventCountry "ITA"]
[SourceTitle "EXT 2015"]
[Source "ChessBase"]
[SourceDate "2014.11.20"]
[SourceVersion "1"]
[SourceVersionDate "2014.11.20"]
[SourceQuality "1"]

1. e4 c5 2. Nc3 Nc6 3. g3 g6 4. Bg2 Bg7 5. d3 d6 6. f4 e6 7. Nf3 Nge7 8. 0-0 0-0 9. Bd2 Rb8 10. Rb1 b5 11. a3 a5 12. a4 b4 13. Nb5 e5 14. h3 h6 15. Kh1 Be6 16. g4 exf4 17. Bxf4 Nc8 18. Qd2 Kh7 19. Qf2 Qf6 20. Bxd6 Nxd6 21. Nxd6 Ba2 22. Ra1 Qxd6 23. Rxa2 b3 24. cxb3 Rxb3 25. Rc1 Nb4 26. Ra3 Rxb2 27. Qxc5 Qxc5 28. Rxc5 Nc2 29. Rxc2 Rxc2 30. d4 Rb8 31. Ra1 Rbb2 32. Rg1 Rb4 33. e5 Re2 34. Rd1 Rb8 35. Bf1 Rf2 36. Nd2 Rf4 37. Nc4 Rd8 38. d5 Re4 39. Nd6 Rxe5 40. Nxf7 Rexd5 41. Rxd5 Rxd5 42. Bc4 Rd4 43. Bb5 Bf6 44. Kg2 Kg7 0-1

[Event "Gabicce Mare op 1st"]
[Site "Gabicce Mare"]
[Date "2013.01.06"]
[Round "9"]
[White "Tazzioli, Luca"]
[Black "Guzzetti, Luigi Enrico"]
[Result "1/2-1/2"]
[WhiteElo "1933"]
[BlackElo "1917"]
[PlyCount "50"]
[EventDate "2013.01.02"]
[EventType "swiss"]
[EventRounds "9"]
[EventCountry "ITA"]
[SourceTitle "EXT 2015"]
[Source "ChessBase"]
[SourceDate "2014.11.20"]
[SourceVersion "1"]
[SourceVersionDate "2014.11.20"]
[SourceQuality "1"]

1. e4 c5 2. Nf3 e6 3. d3 Nc6 4. g3 d6 5. Bg2 Nf6 6. 0-0 Be7 7. Re1 0-0 8. c3 e5 9. a3 Rb8 10. b4 b5 11. Bb2 Qc7 12. Nbd2 Bg4 13. Nf1 a5 14. Qd2 Bxf3 15. Bxf3 Rfd8 16. Ne3 g6 17. Rec1 Qb6 18. Bg2 Bf8 19. Kh1 Bh6 20. h3 Rdc8 21. Rf1 cxb4 22. axb4 axb4 23. cxb4 Nd4 24. Qd1 Kg7 25. Rc1 Nc6 1/2-1/2

[Event "Gabicce Mare op 1st"]
[Site "Gabicce Mare"]
[Date "2013.01.03"]
[Round "3"]
[White "Tazzioli, Luca"]
[Black "Guglielmi, Dante"]
[Result "1-0"]
[WhiteElo "1933"]
[BlackElo "1917"]
[PlyCount "79"]
[EventDate "2013.01.02"]
[EventType "swiss"]
[EventRounds "9"]
[EventCountry "ITA"]
[SourceTitle "EXT 2015"]
[Source "ChessBase"]
[SourceDate "2014.11.20"]
[SourceVersion "1"]
[SourceVersionDate "2014.11.20"]
[SourceQuality "1"]

1. e4 c5 2. Nf3 d6 3. d3 Nf6 4. g3 g6 5. Bg2 Bg7 6. 0-0 Nc6 7. c3 0-0 8. Re1 Rb8 9. a3 b5 10. b4 cxb4 11. axb4 a5 12. bxa5 Nxa5 13. Bb2 Nd7 14. Nd4 Qb6 15. Na3 Ba6 16. Nac2 Nc5 17. Nb4 Na4 18. Re2 Rfc8 19. Nd5 Qd8 20. Bh3 e6 21. Nxe6 fxe6 22. Bxe6+ Kh8 23. Bxc8 Bxc8 24. Rc2 Be6 25. Ba3 Bxd5 26. exd5 Nxc3 27. Qe1 Nxd5 28. Bb2 Bxb2 29. Rxb2 b4 30. Qe4 Rb5 31. Re1 Kg7 32. Rbe2 b3 33. Qd4+ Kh6 34. Re4 Nf6 35. Re7 Nc6 36. Qf4+ Rg5 37. h4 Nxe7 38. hxg5+ Kg7 39. gxf6+ Kg8 40. Rxe7 1-0

[Event "Modena Province-ch"]
[Site "Modena"]
[Date "2012.12.15"]
[Round "3"]
[White "Tazzioli, Luca"]
[Black "Sacchetti, Andrea"]
[Result "1/2-1/2"]
[WhiteElo "1933"]
[BlackElo "1865"]
[PlyCount "110"]
[EventDate "2012.12.14"]
[EventType "swiss"]
[EventRounds "5"]
[EventCountry "ITA"]
[SourceTitle "EXT 2014"]
[Source "ChessBase"]
[SourceDate "2013.11.20"]
[SourceVersion "1"]
[SourceVersionDate "2013.11.20"]
[SourceQuality "1"]

1. e4 e5 2. Nf3 d6 3. Bc4 Be7 4. d4 exd4 5. Nxd4 Nf6 6. Nc3 0-0 7. 0-0 Re8 8. f4 Bf8 9. Qf3 a6 10. Be3 c5 11. Nb3 Bg4 12. Qg3 Be6 13. Bxe6 Rxe6 14. e5 dxe5 15. fxe5 Nfd7 16. Rad1 Qc8 17. Nd5 Nxe5 18. Bf4 Nbd7 19. Rde1 Bd6 20. Nb6 Nxb6 21. Bxe5 Bxe5 22. Rxe5 Rxe5 23. Qxe5 Nd7 24. Qf5 f6 25. Qd5+ Kh8 26. Rd1 c4 27. Nd4 Ne5 28. Nf5 h6 29. Nd6 Qc6 30. Nxb7 Qxd5 31. Rxd5 Rb8 32. Rd8+ Rxd8 33. Nxd8 c3 34. bxc3 Nc4 35. Nc6 Kg8 36. Kf2 Kf7 37. Ke2 Ke6 38. Kd3 Ne5+ 39. Nxe5 Kxe5 40. c4 a5 41. c5 Kd5 42. c6 Kxc6 43. Ke4 g6 44. h4 h5 45. Kd4 Kd6 46. c3 Kc6 47. Kc4 g5 48. g3 gxh4 49. gxh4 a4 50. a3 f5 51. Kd4 f4 52. Ke4 Kc5 53. Kxf4 Kc4 54. Kg5 Kb3 55. Kxh5 Kxa3 1/2-1/2

[Event "Giovanni Pico Cup 5th"]
[Site "Mirandola"]
[Date "2012.01.15"]
[Round "4"]
[White "Paoli, Walter"]
[Black "Tazzioli, Luca"]
[Result "1-0"]
[WhiteElo "2058"]
[BlackElo "1873"]
[PlyCount "101"]
[EventDate "2012.01.13"]
[EventType "swiss"]
[EventRounds "5"]
[EventCountry "ITA"]
[SourceTitle "EXT 2023"]
[Source "ChessBase"]
[SourceDate "2022.10.05"]
[SourceVersion "1"]
[SourceVersionDate "2022.10.05"]
[SourceQuality "1"]

1. e4 d5 2. exd5 Qxd5 3. Nc3 Qa5 4. Nf3 Nf6 5. Bc4 Bf5 6. d3 c6 7. Qe2 Qc7 8. Nd4 Bg6 9. g3 e6 10. Bf4 Qd8 11. Nf3 Bd6 12. Bd2 Nbd7 13. 0-0-0 b5 14. Bb3 a5 15. a4 b4 16. Ne4 Nxe4 17. dxe4 Nc5 18. Bf4 Bxf4+ 19. gxf4 Nxb3+ 20. cxb3 Qc7 21. Ne5 0-0 22. Rd7 Qb6 23. Nc4 Qb8 24. Qe3 Rd8 25. Rhd1 Rxd7 26. Rxd7 c5 27. e5 Qc8 28. Qd2 h6 29. Qd6 Kh7 30. Rc7 Qd8 31. Qxd8 Rxd8 32. Nd6 f6 33. exf6 Rxd6 34. Rxg7+ Kh8 35. Rxg6 Kh7 36. f7 Rd8 37. Rxe6 Rf8 38. Rf6 Kg7 39. Rf5 Kg6 40. Rxc5 Rxf7 41. f5+ Rxf5 42. Rxf5 Kxf5 43. Kd2 Kg4 44. Ke3 h5 45. f4 h4 46. Ke4 Kh3 47. f5 Kxh2 48. f6 h3 49. f7 Kg1 50. f8Q h2 51. Ke3 1-0

[Event "Giovanni Pico Cup 5th"]
[Site "Mirandola"]
[Date "2012.01.14"]
[Round "3"]
[White "Di Trapani, Luigi"]
[Black "Tazzioli, Luca"]
[Result "0-1"]
[WhiteElo "1556"]
[BlackElo "1873"]
[PlyCount "134"]
[EventDate "2012.01.13"]
[EventType "swiss"]
[EventRounds "5"]
[EventCountry "ITA"]
[SourceTitle "EXT 2023"]
[Source "ChessBase"]
[SourceDate "2022.10.05"]
[SourceVersion "1"]
[SourceVersionDate "2022.10.05"]
[SourceQuality "1"]

1. d4 d5 2. Nf3 Nf6 3. e3 Bf5 4. Bd3 Bxd3 5. Qxd3 c6 6. b3 e6 7. 0-0 Bd6 8. Ba3 Bxa3 9. Nxa3 Qd6 10. Nb1 Nbd7 11. Nbd2 0-0 12. c4 Rfe8 13. Rfd1 Rad8 14. cxd5 exd5 15. b4 Ne4 16. a4 Rc8 17. b5 cxb5 18. axb5 Qb6 19. Rdc1 Nd6 20. Rab1 Rxc1+ 21. Rxc1 Qxb5 22. Qxb5 Nxb5 23. Nb3 f6 24. Kf1 Kf7 25. Ke2 Ke7 26. Kd3 Nd6 27. Nfd2 Rc8 28. Rxc8 Nxc8 29. e4 dxe4+ 30. Nxe4 b6 31. Kc4 Nd6+ 32. Nxd6 Kxd6 33. Kb5 Kd5 34. Ka6 Kc4 35. Nd2+ Kxd4 36. Kxa7 Kd3 37. Nb3 Ke2 38. f3 Kf2 39. Nd4 Kxg2 40. Kb7 Kxh2 41. Kc7 Ne5 42. f4 Nd3 43. f5 g6 44. Kxb6 Kg3 45. Kc6 Kf4 46. fxg6 hxg6 47. Kd5 f5 48. Ne6+ Kg4 49. Kd4 Nf4 50. Ng7 Nh5 51. Ne6 f4 52. Ke4 g5 53. Nd4 Nf6+ 54. Kd3 Ne8 55. Ne6 Nd6 56. Ke2 Kf5 57. Nd4+ Ke4 58. Nf3 g4 59. Nd2+ Kf5 60. Nf1 Ne4 61. Nh2 Kg5 62. Kd3 Nf6 63. Ke2 Kh4 64. Nf1 Kh3 65. Kf2 Ne4+ 66. Kg1 g3 67. Nd2 Nxd2 0-1

[Event "Pescia op-A 4th"]
[Site "Pescia"]
[Date "2011.09.17"]
[Round "3"]
[White "Tazzioli, Luca"]
[Black "Casarosa, Michele"]
[Result "1-0"]
[WhiteElo "1833"]
[BlackElo "1949"]
[PlyCount "83"]
[EventDate "2011.09.16"]
[EventType "swiss"]
[EventRounds "5"]
[EventCountry "ITA"]
[SourceTitle "EXT 2015"]
[Source "ChessBase"]
[SourceDate "2014.11.20"]
[SourceVersion "1"]
[SourceVersionDate "2014.11.20"]
[SourceQuality "1"]

1. e4 c5 2. d3 Nc6 3. Nf3 g6 4. g3 Bg7 5. Bg2 e5 6. 0-0 Nf6 7. Nbd2 0-0 8. c3 d5 9. exd5 Nxd5 10. Re1 Bg4 11. h3 Bf5 12. Nc4 Re8 13. g4 Bc8 14. a4 Nb6 15. Nxb6 axb6 16. Bg5 f6 17. Bh4 Qc7 18. Qc2 Be6 19. Nd2 Qf7 20. Ne4 Rad8 21. Qe2 g5 22. Bg3 Qd7 23. Red1 Bb3 24. Rd2 Ra8 25. h4 h6 26. Ra3 Bxa4 27. d4 exd4 28. Qc4+ Kh8 29. Rxa4 Rxa4 30. Qxa4 Qxg4 31. hxg5 Rxe4 32. Bxe4 Qxe4 33. Rd1 fxg5 34. Qa8+ Kh7 35. Qxb7 Qf3 36. Re1 d3 37. Re7 Qf6 38. Rxg7+ Qxg7 39. Qxc6 Qe7 40. Qd5 c4 41. Qxc4 Qd7 42. Qe4+ 1-0

[Event "Modena Province-ch 11"]
[Site "Modena"]
[Date "2010.12.12"]
[Round "5"]
[White "Franchini, Gabriele"]
[Black "Tazzioli, Luca"]
[Result "1-0"]
[WhiteElo "2159"]
[BlackElo "1673"]
[PlyCount "89"]
[EventDate "2010.12.10"]
[EventType "swiss"]
[EventRounds "5"]
[EventCountry "ITA"]
[SourceTitle "EXT 2024"]
[Source "ChessBase"]
[SourceDate "2023.10.10"]
[SourceVersion "1"]
[SourceVersionDate "2023.10.10"]
[SourceQuality "1"]

1. d4 d5 2. Nf3 e6 3. Bf4 Nf6 4. e3 Be7 5. Bd3 b6 6. Qe2 Bb7 7. 0-0 0-0 8. c4 Nbd7 9. Nc3 c5 10. Ne5 Ne4 11. cxd5 exd5 12. Nxe4 dxe4 13. Ba6 Bxa6 14. Qxa6 cxd4 15. exd4 Nxe5 16. dxe5 Bg5 17. Rfd1 Qe7 18. Bg3 Rfd8 19. Qc4 e3 20. f4 Bh4 21. Qe2 Bxg3 22. hxg3 Qc5 23. Rac1 Rxd1+ 24. Rxd1 a5 25. Rd3 Qc1+ 26. Kh2 Rc8 27. Rxe3 Rc2 28. Rd3 g6 29. Qe4 Qxb2 30. e6 Re2 31. exf7+ Kxf7 32. Rd7+ Kf6 33. Qa8 Qb4 34. Qh8+ Kf5 35. Qxh7 Rxg2+ 36. Kxg2 Qe4+ 37. Kf2 Qc2+ 38. Kf1 Qc4+ 39. Ke1 Qc1+ 40. Ke2 Qc4+ 41. Rd3 Qe4+ 42. Re3 Qg2+ 43. Kd1 Qf1+ 44. Kd2 Qg2+ 45. Re2 1-0

[Event "Modena Province-ch 11"]
[Site "Modena"]
[Date "2010.12.11"]
[Round "3"]
[White "Tazzioli, Luca"]
[Black "Vincenzi, Marco"]
[Result "0-1"]
[WhiteElo "1673"]
[BlackElo "2097"]
[PlyCount "108"]
[EventDate "2010.12.10"]
[EventType "swiss"]
[EventRounds "5"]
[EventCountry "ITA"]
[SourceTitle "EXT 2024"]
[Source "ChessBase"]
[SourceDate "2023.10.10"]
[SourceVersion "1"]
[SourceVersionDate "2023.10.10"]
[SourceQuality "1"]

1. e4 e5 2. Nf3 Nc6 3. Bb5 a6 4. Bxc6 dxc6 5. d4 exd4 6. Qxd4 Qxd4 7. Nxd4 Bd7 8. Nc3 0-0-0 9. Be3 Re8 10. 0-0-0 Bb4 11. Nde2 f5 12. exf5 Bxf5 13. a3 Bd6 14. Rhe1 Nf6 15. h3 Re7 16. g4 Bg6 17. Nf4 Bf7 18. Bd2 Rhe8 19. Nd3 Nd5 20. Rxe7 Rxe7 21. Re1 Rxe1+ 22. Bxe1 h5 23. Bd2 Kd7 24. f4 Nb6 25. Ne5+ Bxe5 26. fxe5 Nc4 27. Bf4 hxg4 28. hxg4 Bg6 29. e6+ Kxe6 30. Bxc7 Ne3 31. Na4 Kd5 32. Bb6 Nxg4 33. Nc5 Ne3 34. Nxb7 Nxc2 35. Na5 Ne1 36. Kd2 Nf3+ 37. Kc3 Bf5 38. Nc4 g5 39. Ne3+ Ke4 40. Nxf5 Kxf5 41. Bf2 g4 42. Bg3 Ng5 43. Kb4 Ne4 44. Bc7 Ke6 45. Ka5 Nd6 46. Kxa6 g3 47. Bb6 Kd5 48. Bg1 Nc4 49. a4 Nxb2 50. a5 Nc4 51. Ba7 c5 52. Bb8 Nd6 53. Kb6 g2 54. a6 g1Q 0-1

[Event "Mirandola Giovanni Pico 3rd"]
[Site "Mirandola"]
[Date "2010.01.16"]
[Round "2"]
[White "Tazzioli, Luca"]
[Black "Castelli, Antonio"]
[Result "0-1"]
[WhiteElo "1503"]
[BlackElo "1729"]
[PlyCount "102"]
[EventDate "2010.01.15"]
[EventType "swiss"]
[EventRounds "5"]
[EventCountry "ITA"]
[SourceTitle "EXT 2024"]
[Source "ChessBase"]
[SourceDate "2023.10.10"]
[SourceVersion "1"]
[SourceVersionDate "2023.10.10"]
[SourceQuality "1"]

1. e4 e5 2. Nf3 Nf6 3. Nc3 Nc6 4. d4 Bb4 5. Bg5 d6 6. h3 exd4 7. Nxd4 Bxc3+ 8. bxc3 h6 9. Nxc6 bxc6 10. Bxf6 Qxf6 11. Qd4 Qxd4 12. cxd4 Rb8 13. Bd3 Be6 14. 0-0 Kd7 15. a3 Rb6 16. f4 g6 17. f5 gxf5 18. exf5 Bd5 19. c4 Rb3 20. Rfd1 Bxg2 21. Kxg2 Rg8+ 22. Kf1 Rb2 23. Be2 Rg5 24. Bg4 h5 25. Be2 Rxf5+ 26. Ke1 Rg5 27. Kf2 Rf5+ 28. Ke3 Rg5 29. Rd2 Rg3+ 30. Kf2 Rxd2 31. Kxg3 Rxe2 32. Rf1 Ke6 33. Rf4 Re3+ 34. Rf3 Rxf3+ 35. Kxf3 Kf5 36. Ke3 Kg5 37. Kf3 Kh4 38. Kg2 f5 39. a4 a5 40. Kh2 Kg5 41. Kg3 f4+ 42. Kf3 Kf5 43. c5 d5 44. Kf2 Ke4 45. Ke2 Kxd4 46. Kf3 Kc3 47. Kxf4 d4 48. h4 d3 49. Ke3 Kc2 50. Kf2 d2 51. Kg3 d1Q 0-1

[Event "Mirandola Giovanni Pico 3rd"]
[Site "Mirandola"]
[Date "2010.01.16"]
[Round "4"]
[White "Tazzioli, Luca"]
[Black "Zuccaro, Guido"]
[Result "0-1"]
[WhiteElo "1503"]
[BlackElo "1768"]
[PlyCount "60"]
[EventDate "2010.01.15"]
[EventType "swiss"]
[EventRounds "5"]
[EventCountry "ITA"]
[SourceTitle "EXT 2024"]
[Source "ChessBase"]
[SourceDate "2023.10.10"]
[SourceVersion "1"]
[SourceVersionDate "2023.10.10"]
[SourceQuality "1"]

1. e4 e6 2. d4 d5 3. exd5 Nf6 4. Bb5+ c6 5. dxc6 Qa5+ 6. Nc3 bxc6 7. Bc4 Ne4 8. Nge2 Bb4 9. Qd3 Nf6 10. a3 Bd6 11. 0-0 0-0 12. Ng3 Bb7 13. Bd2 Qc7 14. Nce2 h5 15. Bg5 Nbd7 16. Rfe1 c5 17. dxc5 Nxc5 18. Qe3 Ng4 19. Qd2 Ne4 20. Nxe4 Bxh2+ 21. Kh1 Bxe4 22. Ng3 Bxg3 23. fxg3 Qxg3 24. Bf4 Nf2+ 25. Qxf2 Qxf2 26. Rg1 Qxf4 27. Rgf1 Qg3 28. Rf3 Bxf3 29. gxf3 Qh4+ 30. Kg2 Qxc4 0-1

[Event "Mirandola Giovanni Pico 3rd"]
[Site "Mirandola"]
[Date "2010.01.15"]
[Round "1"]
[White "Boni, Gianni"]
[Black "Tazzioli, Luca"]
[Result "1-0"]
[WhiteElo "1830"]
[BlackElo "1503"]
[PlyCount "81"]
[EventDate "2010.01.15"]
[EventType "swiss"]
[EventRounds "5"]
[EventCountry "ITA"]
[SourceTitle "EXT 2024"]
[Source "ChessBase"]
[SourceDate "2023.10.10"]
[SourceVersion "1"]
[SourceVersionDate "2023.10.10"]
[SourceQuality "1"]

1. b3 e5 2. Bb2 Nc6 3. e3 Bc5 4. Bb5 d6 5. Bxc6+ bxc6 6. d3 Nf6 7. Nd2 0-0 8. Ngf3 Bg4 9. h3 Bh5 10. Qe2 a5 11. a4 Bb4 12. g4 Bg6 13. e4 Nd7 14. h4 f6 15. h5 Bf7 16. Nh4 d5 17. Nf5 Be6 18. f3 d4 19. Qh2 Bxd2+ 20. Qxd2 Re8 21. Ba3 Nb6 22. h6 g6 23. Ng7 Re7 24. Bxe7 Qxe7 25. Nxe6 Qxe6 26. b4 axb4 27. Qxb4 Qc8 28. Qe7 Qd7 29. Qxd7 Nxd7 30. Kd2 Nc5 31. a5 Kf7 32. Rhb1 g5 33. Rb4 Ke7 34. c3 dxc3+ 35. Kxc3 Kd6 36. d4 exd4+ 37. Rxd4+ Ke5 38. Rc4 Kd6 39. Rd1+ Ke5 40. Rxc5+ Kf4 41. Rf5+ 1-0